Water quality monitoring network design
Αποθηκεύτηκε σε:
| Άλλοι συγγραφείς: | |
|---|---|
| Μορφή: | Βιβλίο |
| Γλώσσα: | English |
| Δημοσίευση: |
Dordrecht :
Kluwer Academic Publishers,
c1999
|
| Σειρά: | Water science and technology library ;
; 33 |
| Θέματα: | |
| Ετικέτες: |
Προσθήκη ετικέτας
Δεν υπάρχουν, Καταχωρήστε ετικέτα πρώτοι!
|
MARC
| LEADER | 00000nam a2200000 i 4500 | ||
|---|---|---|---|
| 001 | 1/93749 | ||
| 008 | 080912s1999 eng d | ||
| 020 | |a 0-7923-5506-7 | ||
| 035 | |l 10100104 | ||
| 040 | |a GR-MY-UA |b gre |e aacr | ||
| 041 | 0 | |a eng | |
| 082 | 0 | |a 628.161 |2 (22) | |
| 245 | 1 | 0 | |a Water quality monitoring network design / |c by Nilgun B. Harmancioglu ... [κ.ά.] |
| 260 | |a Dordrecht : |b Kluwer Academic Publishers, |c c1999 | ||
| 300 | |a xiii, 290 σ.; |b εικ., χάρτες; |c 25 εκ. | ||
| 490 | 1 | |a Water science and technology library |v ; 33 | |
| 504 | |a Περιέχει βιβλιογραφικές παραπομπές και ευρετήριο | ||
| 650 | 0 | 0 | |a Water quality monitoring stations |x Design and construction. |
| 700 | 1 | |a Harmancioglu, Nilgun. | |
| 830 | 0 | |a Water science and technology library ; |v ; 33 | |
| 852 | |a INST |b LESVOS |e 20080912 |h 628.161 WAT |p 005100043075 |q 005100043075 |t BK |y 0 | ||
| 901 | |a BIBL1-2008-3 | ||
| 909 | |a Λ |b 151411 | ||
| 922 | |a 1ΕΛΗ |b 200803 |c ΕΠΕΑΕΚ2/ΤΓ |d ΠΑΠΑΣΩΤΗΡΙΟΥ | ||
| 970 | |a ΚΑΡΑ |b ΓΙΑΣΕΜΗ |z 2008/09/12 | ||